000 03484nab a2200313 i 4500
003 BR-BrBNA
005 20240611111334.0
008 240611b2015 bl.qr|pooa||| 00| 0 por |
040 _aBR-BrBNA
_bpor
072 _aF60
100 _aSales, P.A.B.
100 _aOliveira, J.M.G.
100 _aMoura, E.R.
100 _aSousa, M.R.S.C.
100 _aSilva, I.R.
100 _aCosta, T.N.
100 _aCosta, A.P.R.
245 _aToxicidade reprodutiva do extrato hidroalcóolico de Samanea tubulosa Benth em ratas wistar
500 _aPublicação on-line; 10 ref.; 3 tables; 4 illus.; Summaries (En, Pt)
520 _a RESUMO: O objetivo deste trabalho foi avaliar possíveis efeitos do extrato das vargens de bordão-de-velho (Samanea tubulosa benth) sobre a reprodução em ratas Wistar. O extrato foi preparado a partir da secagem e trituração das vagens, seguida por maceração com etanol e, posteriormente, concentrado em rotavapor. Ratas Wistar gestantes foram tratadas com 75 mg.100g-1 de peso corporal de extrato de S. tubulosa e o grupo controle recebeu 1ml/100g-1 de peso corporal de solução salina por gavagem durante 19 dias. Após eutanásia no 20º dia, as seguintes variáveis foram analisadas: peso corporal fetal, peso dos fetos e placentas, número de corpos lúteos e de reabsorções, implantação, fetos vivos e mortos. O extrato de vagens de S. tubulosa apresenta toxicidade para o feto causando malformações, reabsorções fetais e diminuição pronunciada do peso ao nascer. Contudo, o extrato de vagens de S. tubulosa não influencia no número de corpos lúteos e número de implantações. Palavras-chave: Plantas tóxicas, malformação, potencial tóxico
520 _a ABSTRACT: Reproductive toxicity study in Wistar rats treated with hydroalcoholic extract of the pods of bordão-de-velho (Samanea tubulosa Benth).The aim of this study was to evaluate possible effects of pods from bordão-de-velho (Samanea tubulosa benth) extract on the reproduction of female rats.The extract was prepared by maceration wtith ethanol of dried and crushed pods, then it was concentrated in rotary evaporator. The pregnant Wistar rats were treated with a dose of 75 mg.100 g-1of body weight of Samanea tubulosa extract, by gavage , whereas the control group received 1ml.100g-1of saline by the same route for 19 days. After the euthanasia of the animals at day 20th,the following variables were analyzed: fetal body weight, weight of fetuses and placentas, number of corpora lutea, resorption points, live and dead fetuses and number of embryonic implantations. The extract from S. tubulosa pods, at the dose studied, showed toxicity causing fetal abnormalities, fetal resorption and pronounced decrease in the weight of offspring at birth. On the other hand, , the treatment with extract of S. tubulosa pods had no influence over corpora lutea and implantation numbers. Key words:Toxic plants, malformation, potential toxic.
650 _aPLANTA TÓXICA
650 _aMALFORMAÇÃO
650 _aTOXIDEZ
773 0 _03543
_9315781
_dBotucatu-SP Instituto de Biociências - Departamento de Química e Bioquímica 1998
_o2024-2143
_tRevista Brasileira de Plantas Medicinais (Brazil)
_x1516-0572
_gv. 17(4) p. 599-603; (2015)
_wBR2024001385
856 _uhttps://www.scielo.br/j/rbpm/a/zxTNbBtgXqzh3fZ87hgtLFH/?format=pdf&lang=pt
942 _cAnalítica
999 _c300004
_d300004